000 00299nam a22001217a 4500
008 170405b xxu||||| |||| 00| 0 eng d
041 _aeng
080 _a616.15
100 _a9
101 _aSHM
245 _aTHE ROLE OF LABORATORY IN HEMOLYTIC DISEASE OF THE NEWBORN
_cGORMAN, J.G
942 _2udc
_cBK
999 _c9895
_d9895